Score 0/14 Timer 02:00
29 Plays Today
Clue 4-letter word % Correct
Give up, in pokerFOLD
96.1%
If I may be so ____BOLD
93.5%
Record-breaking sprinter UsainBOLT
80.9%
First word of a song title commonly sung at New Year'sAULD
67.6%
Still having one's witsSANE
67.3%
Second word of a New Year songLANG
67.1%
Imitated Luciano PavarottiSANG
63.9%
Clue 4-letter word % Correct
Former CEO of Lehman Brothers Richard ____FULD
61.5%
Third word of a New Year songSYNE
58.4%
Cry from the crow's nestLAND
50.2%
Like a jackhammerLOUD
47.3%
Praise highlyLAUD
47.2%
Match for Sonny ListonBOUT
40.7%
A crude, ill-mannered personLOUT
39.5%

Today's Daily Dose

Remove Ads.
Support Sporcle.
Get the best of Sporcle when you Go Orange. This ad-free experience offers more features, more stats, and more fun while also helping to support Sporcle. Thank you for becoming a member.

You're not logged in!

Compare scores with friends on all Sporcle quizzes.
OR
Log In

Show Comments

Extras

Top Quizzes Today


Score Distribution

Your Account Isn't Verified!

In order to create a playlist on Sporcle, you need to verify the email address you used during registration. Go to your Sporcle Settings to finish the process.

Report this User

Report this user for behavior that violates our Community Guidelines.

Details: